Literacy and empowerment (Record no. 41306)

MARC details
000 -LEADER
fixed length control field 00326nam a2200121Ia 4500
082 ## - DEWEY DECIMAL CLASSIFICATION NUMBER
Classification number 37.014.22
Item number ATH
100 ## - MAIN ENTRY--AUTHOR NAME
Personal name Athreya, Venkatesh B
245 #0 - TITLE STATEMENT
Title Literacy and empowerment
260 ## - PUBLICATION, DISTRIBUTION, ETC. (IMPRINT)
Place of publication New Delhi
Name of publisher Sage Publications
Year of publication 1996
700 ## - ADDED ENTRY--PERSONAL NAME
Personal name Sheela Rani, Chunkath
942 ## - ADDED ENTRY ELEMENTS (KOHA)
Koha item type Books
Holdings
Withdrawn status Lost status Damaged status Not for loan Home library Current library Date acquired Cost, normal purchase price Full call number Accession Number Koha item type
        RRII Library RRII Library 16/12/2021 295.00 37.014.22 ATH 21595 Books